موسوعة القواعد الفقهية المقارنة المسماة التجريد

Bibliographic Details
Main Authors: قدوري, احمد بن محمد (Author), سراج, محمد احمد (Author), محمد, علي جمعة (Author)
Format: Book
Published: al-Qahirah : Dar al-Salam , 2004
Subjects:

MARC

LEADER 00000cam a2200000 7i4500
001 0000042226
005 20080128093000.0
008 030113s2004
090 0 0 |a BP152   |b .Q82 2004 
100 0 |a قدوري, احمد بن محمد ,   |e author 
240 2 0 |a تجريد 
245 1 0 |a موسوعة القواعد الفقهية المقارنة المسماة التجريد   |c لامام ابي الحسين احمد بن محمد جعفر البغدادي القدوري   |f دراسة وتحقيق محمد احمد سراج, علي جمعة محمد 
260 2 |a al-Qahirah :   |b Dar al-Salam ,   |c 2004 
300 |a 12 v. ;   |c 24 cm. 
650 0 |a Hanafites   |v Early works to 1800 
650 0 |a Islamic law   |v Early works to 1800 
700 1 |a سراج, محمد احمد ,   |e author 
700 1 |a محمد, علي جمعة ,   |e author 
999 |a 1000102564   |b Book   |c OPEN SHELF (30 DAYS)   |e Gong Badak Campus 
999 |a 1000102565   |b Book   |c OPEN SHELF (30 DAYS)   |e Gong Badak Campus 
999 |a 1000102566   |b Book   |c OPEN SHELF (30 DAYS)   |e Gong Badak Campus 
999 |a 1000102567   |b Book   |c OPEN SHELF (30 DAYS)   |e Gong Badak Campus 
999 |a 1000102568   |b Book   |c OPEN SHELF (30 DAYS)   |e Gong Badak Campus 
999 |a 1000102569   |b Book   |c OPEN SHELF (30 DAYS)   |e Gong Badak Campus 
999 |a 1000102570   |b Book   |c OPEN SHELF (30 DAYS)   |e Gong Badak Campus 
999 |a 1000102571   |b Book   |c OPEN SHELF (30 DAYS)   |e Gong Badak Campus 
999 |a 1000102572   |b Book   |c OPEN SHELF (30 DAYS)   |e Gong Badak Campus 
999 |a 1000102573   |b Book   |c OPEN SHELF (30 DAYS)   |e Gong Badak Campus 
999 |a 1000102574   |b Book   |c OPEN SHELF (30 DAYS)   |e Gong Badak Campus 
999 |a 1000102575   |b Book   |c OPEN SHELF (30 DAYS)   |e Gong Badak Campus